Ornamental bulbs, corms and tubers / (Record no. 9751)

MARC details
000 -LEADER
fixed length control field 01009nam a2200349 4500
003 - CONTROL NUMBER IDENTIFIER
control field 000
005 - DATE AND TIME OF LATEST TRANSACTION
control field 20150609092628.0
007 - PHYSICAL DESCRIPTION FIXED FIELD--GENERAL INFORMATION
fixed length control field 000
008 - FIXED-LENGTH DATA ELEMENTS--GENERAL INFORMATION
fixed length control field 000
010 ## - LIBRARY OF CONGRESS CONTROL NUMBER
LC control number gb 93011966
015 ## - NATIONAL BIBLIOGRAPHY NUMBER
National bibliography number GB93-11966
020 ## - INTERNATIONAL STANDARD BOOK NUMBER
International Standard Book Number 0851986560
035 ## - SYSTEM CONTROL NUMBER
System control number ABX2437LB
System control number (OCoLC)ocm27568276
040 ## - CATALOGING SOURCE
Original cataloging agency UOEL
Transcribing agency VXG
Modifying agency UKM
-- SMI
-- WaOLN
049 ## - LOCAL HOLDINGS (OCLC)
Holding library SMJ&
Local processing data 39088007549215
050 ## - LIBRARY OF CONGRESS CALL NUMBER
Classification number SB413,B38
Item number R4
090 ## - LOCALLY ASSIGNED LC-TYPE CALL NUMBER (OCLC); LOCAL CALL NUMBER (OCLC)
Classification number (OCLC) (R) ; Classification number, CALL (RLIN) (NR) SB425
Local cutter number (OCLC) ; Book number/undivided call number, CALL (RLIN) .R32 1992
099 ## - LOCAL FREE-TEXT CALL NUMBER (OCLC)
Classification number SB425.R32 1992
100 1# - MAIN ENTRY--PERSONAL NAME
Personal name Rees, A. R.
Fuller form of name (Alun Rocyn),
Dates associated with a name 1932-
245 10 - TITLE STATEMENT
Title Ornamental bulbs, corms and tubers /
Statement of responsibility, etc. A.R. Rees.
260 ## - PUBLICATION, DISTRIBUTION, ETC. (IMPRINT)
Place of publication, distribution, etc. Wallingford, Oxon, UK :
Name of publisher, distributor, etc. C.A.B. International,
Date of publication, distribution, etc. c1992.
300 ## - PHYSICAL DESCRIPTION
Extent ix, 220 p. :
Other physical details ill. ;
Dimensions 24 cm.
490 1# - SERIES STATEMENT
Series statement Crop production science in horticulture ;
Volume/sequential designation 1
504 ## - BIBLIOGRAPHY, ETC. NOTE
Bibliography, etc Includes bibliographical references (p. 210-213) and index.
650 #0 - SUBJECT ADDED ENTRY--TOPICAL TERM
Topical term or geographic name as entry element Bulbs (Plants)
Topical term or geographic name as entry element Corms
Topical term or geographic name as entry element Floriculture
830 #0 - SERIES ADDED ENTRY--UNIFORM TITLE
Uniform title Crop production science in horticulture
Volume number/sequential designation 1.
942 ## - ADDED ENTRY ELEMENTS (KOHA)
Source of classification or shelving scheme Library of Congress Classification
Koha item type Loan - Normal on open shelf
945 ## - LOCAL PROCESSING INFORMATION (OCLC)
a ps 10-1-93
Holdings
Withdrawn status Lost status Source of classification or shelving scheme Damaged status Not for loan Home library Current library Shelving location Date acquired Total Checkouts Full call number Barcode Date last seen Copy number Price effective from Koha item type
    Library of Congress Classification     UOE Main Library UOE Main Library Open shelf 09/06/2015   SB413,B38 R4 20036102 27/04/2026 20036102 09/06/2015 Loan - Normal on open shelf
    Library of Congress Classification     UOE Main Library UOE Main Library Open shelf 02/07/2015   SB413,B38 R4 20139944 27/04/2026 20139944 02/07/2015 Loan - Normal on open shelf